Real Madrid All-Time Starting XI - Statistics

General Stats
  • This quiz has been taken 680 times
  • The average score is 8 of 13
Answer Stats
Position Player % Correct
FW (2009-18) Cristiano Ronaldo
98%
GK (1999-2015) Iker Casillas
97%
DF (2005-21) Sergio Ramos
97%
MF (2012-24) Luka Modric
93%
DF (2007-22) Marcelo
87%
FW (1994-2010) Raul
79%
FW (1953-64) Alfredo Di Stefano
78%
DF (1989-2003) Fernando Hierro
65%
12h player (1958-66) Ferenc Puskás
63%
MF (1953-71) Paco Gento
37%
DF (1983-2001) Manolo Sanchís
15%
Coach (1960-74) Miguel Muñoz
8%
MF (1962-76) Amancio Amaro
1%
No matching quizzes found
Score Distribution
Percent of People with Each Score
Percentile by Number Answered
Your Score History
You have not taken this quiz